Statistics for Languages : Capitals from Icelandic to English

Click here to take the quiz!

General Stats

  • This quiz has been taken 115 times
    (114 since last reset)
  • The average score is 8 of 10

Answer Stats

Capital in icelandicAnd in english% Correct
RómRome
99%
MexikóborgMexico City
99%
MoskouMoscow
98%
PragPrague
98%
LissabonLisbon
97%
BúkarestBucharest
93%
AþenaAthens
92%
KaupmannahöfnCopenhagen
76%
VarsjaWarsaw
74%
HöfđaborgCape Town
18%

Score Distribution

Percentile by Number Answered

Percent of People with Each Score

Your Score History

You have not taken this quiz since the last reset